| 000 | 00680nam a2200205 i 4500 | ||
|---|---|---|---|
| 001 | 173650 | ||
| 003 | ES-MaACL | ||
| 005 | 20250903084239.0 | ||
| 008 | 091222s1878 it |||| | ita d | ||
| 080 | _a655.4(450) | ||
| 245 | 0 | 0 |
_aCatalogo collettivo della libreria italiana _b: 1878. |
| 260 |
_aMilano : _b[s.n., _c1878?] |
||
| 300 |
_a1 v. (pag. variada) ; _c26 cm. |
||
| 594 | _aPrecede al tít.: Associazione Tipografico-Libraria Italiana. | ||
| 650 | 7 |
_aCatálogos de editores- _yS.XIX _2 _9169796 |
|
| 650 | 4 |
_aEditoriales- _zItalia. _9141856 |
|
| 710 | 2 |
_aAssociazione Tipografico-Libraria Italiana. _9141855 |
|
| 852 |
_aES-MaACL _jB-5087 |
||
| 999 |
_c173650 _d173650 |
||